Retrouve les chansons de Shy'm - Statistiques

Statistiques générales
  • Ce quiz a été pris 27 fois
  • Le résultat moyen est 13 sur 24
Answers on the Grid
Answers color-coded by a green-red scale on the quiz's grid according to % correct below.
ça les dérange
Victoire
Tourne
Mayday
L'effet de serre
Femme de couleur
La première fois
Sunset Pyromane
Silhouettes
Absolem
Je suis moi
Et alors !
Et si...
C'est chelou
Si tu m’aimes encore
Amiants
Prendre l'air
On se fout de nous
T'avais raison
Olé Olé
Madinina
Les épines du coeur
La Malice
Si tu savais
Je sais
Il me dit que je suis belle
Tadada Tututu
Notre idylle
Oublie-moi
T'es parti
 
Statistiques - réponses
Réponse % Correct
Et alors !
100%
Femme de couleur
89%
On se fout de nous
84%
Je sais
79%
Prendre l'air
74%
Tourne
74%
L'effet de serre
68%
Et si...
63%
Je suis moi
63%
Oublie-moi
63%
Si tu savais
63%
T'es parti
53%
Victoire
53%
La Malice
47%
Si tu m’aimes encore
47%
Amiants
42%
La première fois
42%
Mayday
42%
Silhouettes
42%
Madinina
37%
Absolem
32%
Olé Olé
26%
Tadada Tututu
26%
Sunset Pyromane
21%
Aucun quiz correspondant
Distribution des résultats
% des personnes avec chaque résultat
Percentile par nombre de réponses
Votre historique - résultats
Vous n’avez pas pris ce quiz